Osamason Quiz - Statistics

General Stats
  • This quiz has been taken 756 times
  • The average score is 5 of 8
Answer Stats
Hint Answer % Correct
How old is he 21
91%
He is known to be friends with Nettspend
88%
He is known as the Freak of Goose Creek
71%
What is his most popular song Pop
66%
What is his real name Amari Middleton
62%
What do he be sipping Drank
62%
What is the name of the short song X and Sex
62%
Before fame what social media app did he use Youtube
37%
No matching quizzes found
Score Distribution
Percent of People with Each Score
Percentile by Number Answered
Your Score History
You have not taken this quiz